000 00386 a2200121 4500
001 ART_5778
005 20260410161828.0
008 260409a
245 1 0 _aIntegración vertical. El caso de la explotación de aeropuertos
100 1 _aGallacher, Marcos
700 1 _aSesé, Alfredo
773 0 _tEstudios Económicos
_g- Vol. 23, Nº 46 (ene./jun. 2006)
_wREV5080
999 _c22977
_d22977